Probabilistic and randomized methods for design under uncertainty (Record no. 289540)
[ view plain ]
| 000 -LEADER | |
|---|---|
| fixed length control field | 00359 a2200121 4500 |
| 001 - CONTROL NUMBER | |
| control field | 54467 |
| 082 ## - DEWEY DECIMAL CLASSIFICATION NUMBER | |
| Classification number | 620.0042 CAL |
| 090 ## - LOCALLY ASSIGNED LC-TYPE CALL NUMBER (OCLC); LOCAL CALL NUMBER (RLIN) | |
| -- | 33904 |
| -- | 33904 |
| 100 ## - MAIN ENTRY--PERSONAL NAME | |
| Personal name | Callafiore, Giuseppe |
| 245 ## - TITLE STATEMENT | |
| Title | Probabilistic and randomized methods for design under uncertainty |
| Statement of responsibility, etc. | Giuseppe calafiroe |
| 260 ## - PUBLICATION, DISTRIBUTION, ETC. | |
| Place of publication, distribution, etc. | London |
| Name of publisher, distributor, etc. | Springer-verlag |
| Date of publication, distribution, etc. | 2006 |
| 600 ## - SUBJECT ADDED ENTRY--PERSONAL NAME | |
| Personal name | fabrizio dabbene |
| 942 ## - ADDED ENTRY ELEMENTS (KOHA) | |
| Institution code [OBSOLETE] | NUST-CAE |
| Call number prefix | 620.0042 CAL |
| Withdrawn status | Lost status | Damaged status | Not for loan | Collection code | Permanent Location | Current Location | Date acquired | Total Checkouts | Full call number | Barcode | Date last seen | Price effective from | Koha item type |
|---|---|---|---|---|---|---|---|---|---|---|---|---|---|
| College of Aeronautical Engineering (CAE) | College of Aeronautical Engineering (CAE) | 04/03/2017 | 620.0042 CAL | CAEN-4312 | 04/05/2017 | 04/05/2017 | Book |
